| 000 | 01141nac a22002651u 4500 | ||
|---|---|---|---|
| 010 | _a 96021260 | ||
| 020 | _a0471141127 (cloth : alk. paper) | ||
| 082 | 0 | 0 |
_a346.730488 _a347.306488 _bSMI |
| 090 |
_c6061 _d6061 |
||
| 100 | _aSmith, Gordon V., | ||
| 245 | 1 | 0 |
_aTrademark valuation / _cGordon V. Smith. |
| 260 |
_aNew York : _bWiley,c1997. _cc1997. |
||
| 300 |
_axvii, 293 p. : _bill. ; _c25 cm. |
||
| 490 | 1 | _aIntellectual property series | |
| 500 | _aDistributer: Al-Ahram. | ||
| 504 | _aIncludes bibliographical references (p. 285-287) and index. | ||
| 511 | _aCatalogued By: Mahitab. | ||
| 650 | 0 |
_aTrademarks _xLaw and legislation _zUnited States. |
|
| 650 | 0 |
_aTrademarks _xValuation _zUnited States. |
|
| 830 | 0 | _aIntellectual property series (John Wiley & Sons) | |
| 856 | 4 | 2 |
_3Contributor biographical information _uhttp://www.loc.gov/catdir/bios/wiley042/96021260.html |
| 856 | 4 | 2 |
_3Publisher description _uhttp://www.loc.gov/catdir/description/wiley034/96021260.html |
| 856 | 4 | 2 |
_3Table of Contents _uhttp://www.loc.gov/catdir/toc/onix05/96021260.html |
| 942 |
_cBB _k346.730488SMI |
||
| 999 |
_c6061 _d6061 |
||